00705 a2200169 4500020001800000040001300018100001900031245004700050260003500097300001100132490002900143500002500172942002300197999001500220952015700235952014300392 a0-14-062047-8 aDLCbDLC1 aHardy, Thomas,00aFar from the madding crowd cHardy, Thomas aLondon :bPenguin books,c1994 a374 s.0 aPenguin popular classics aOriginalupplaga 1874 cBKk823.8 HAR2ddc c5118d5118 001040708NFICaCLbCLcGENd2003-06-13eAllied Book Companyg123.46l3m1o823.8 HARpSEECS003546q2024-01-06r2023-12-07s2023-12-07w2017-01-05yBK 001040708FICaCLbCLcFICd2005-01-05eAcademic Book Companyg126.00l3o823.8 HARpSEECS005214r2021-03-02s2020-10-23w2017-01-05yBK